MARC

LEADER 00000nam1a2200000 4500
001 380524
005 20231101062701.0
011 |a 0023-1169 
035 |a (RuTPU)RU\TPU\prd\1645 
035 |a RU\TPU\prd\426 
090 |a 380524 
100 |a 20020219a19569999k y0rusy50 ca 
101 0 |a rus 
102 |a RU 
200 1 |a Химия и технология топлив и масел  |e научно-технический журнал  |f  Российский государственный университет нефти и газа им. И. М. Губкина (РГУ Нефти и Газа) 
210 |a Москва  |c Изд-во РГУ Нефти и Газа  |d 1957-2017, 2019- 
305 |a Издается с 1956 г. 
326 |a 6 номеров в год 
430 1 |0 (RuTPU)RU\TPU\prd\426  |x 0023-1169  |t Химия и технология топлива  |o научно-технический журнал  |f Министерство нефтяной промышленности СССР ; Академия наук СССР (АН СССР)  |c М.  |n Гостоптехиздат  |d 1956-1957 
469 |0 (RuTPU)RU\TPU\subscr\70 
517 1 |a Chemistry and Technology of Fuels and Oils 
610 1 |a топливо 
610 1 |a топливная промышленность 
610 1 |a масла 
610 1 |a химия 
610 1 |a технологии 
610 1 |a нефтепродукты 
610 1 |a нефтепереработка 
610 1 |a нефтехимия 
610 1 |a экология 
675 |a 662.6  |v 3 
675 |a 665.12  |v 3 
712 0 2 |a Российский государственный университет нефти и газа им. И. М. Губкина (РГУ Нефти и Газа)  |c (Москва)  |c (1998- )  |2 stltpush  |3 (RuTPU)RU\TPU\col\408 
801 0 |a RU  |b 63413507  |c 20011210  |g PSBO 
801 2 |a RU  |b 63413507  |c 20191004  |g PSBO 
856 4 |u https://elibrary.ru/title_about.asp?id=8260 
856 4 |u http://www.nitu.ru/xttm.html 
942 |c CR 
969 |0 001RU\TPU\subscr\70